| 000 | 01175cam a2200229 4500 | ||
|---|---|---|---|
| 001 | WB4010-18 | ||
| 008 | 040310n2004 000 0 eng u | ||
| 035 | _a(Sirsi) u125387 | ||
| 245 | _aInternational Accounting Standards | ||
| 260 | _c2004 | ||
| 490 |
_aRICS Feature _v8 March 2004, (1) |
||
| 520 | _aOffers guidance to valuers on how to apply the revised International Accounting Standards relating to property. Gives specific guidance in relation to owner occupied property (IAS 16), leasehold property (IAS 17), and investment property (IAS 40). Also includes current position paper from the International Valuation Standards Committee on valuation of owner occupied property for financial statements. For links to the documents view: http://www.rics.org/ricscms/bin/show?class=Feature &template=/includes/showfeature.html&id=1045 www.rics.org | ||
| 590 | _aWB | ||
| 590 | _aWB | ||
| 650 | _aLEASEHOLD PROPERTY | ||
| 650 | _aINVESTMENT PROPERTY | ||
| 650 | _aINTERNATIONAL ACCOUNTING STANDARDS | ||
| 650 | _aINTERNATIONAL VALUATION STANDARDS COMMITTEE | ||
| 650 | _aOWNER-OCCUPIED PROPERTY | ||
| 690 | _aVALUATION AND INVESTMENT APPRAISAL | ||
| 942 | _n0 | ||
| 999 |
_c117085 _d117085 |
||